| 000 | 00666nam a2200253Ia 4500 | ||
|---|---|---|---|
| 003 | OSt | ||
| 005 | 20221005090232.0 | ||
| 006 | a|||||r|||| 00| 0 | ||
| 007 | ta | ||
| 008 | 221004b |||||||| |||| 00| 0 eng d | ||
| 024 | _a35305 | ||
| 037 | _cTextual | ||
| 040 |
_aCRL _cCRL _beng |
||
| 041 |
_2eng _aeng |
||
| 082 | _aX :8, M2 | ||
| 100 |
_aSchermerhorn John R etc _9614998 |
||
| 245 | 0 | _aManaging organizational behavior | |
| 260 |
_aNew York _bJohn Wiley and Sons _c1982 |
||
| 300 |
_a622p. _ccm. |
||
| 650 | _a ECONOMICS | ||
| 650 | _aMANAGEMENT | ||
| 942 |
_hX :8, M2 _cTEXL _2cc |
||
| 999 |
_c995387 _d995387 |
||